Khả năng dệt nấm phồng lá chè của Chitosan chiếu xạ /

Zapisane w:
Opis bibliograficzny
1. autor: Phạm Thị Lệ Hà,...
Format: Artykuł
Język:Vietnamese
Hasła przedmiotowe:
Etykiety: Dodaj etykietę
Nie ma etykietki, Dołącz pierwszą etykiete!
Thư viện lưu trữ: Thư viện Trường Đại học Đà Lạt
LEADER 00783nam a2200265 4500
001 DLU050049738
040 # # |a DLU  |b vie 
041 # # |a vie 
044 # # |a vn 
100 # # |a Phạm Thị Lệ Hà,... 
245 # # |a Khả năng dệt nấm phồng lá chè của Chitosan chiếu xạ /  |c Phạm Thị Lệ Hà, Trần Thị Thuỷ, Lê Hải, Nguyễn Quốc Hiến 
653 # # |a Cây chè 
653 # # |a Nấm 
773 # # |t Tạp chí Sinh học  |g Số 2, 2002, tr.47-50 
920 # # |a Phòng Tạp chí -- Trung tâm Thông tin - Thư viện Trường Đại học Đà Lạt 
933 # # |a SH 
994 # # |a DLU 
900 # # |a True 
911 # # |a Nguyễn Thị Yên 
925 # # |a G 
926 # # |a A 
927 # # |a BB 
980 # # |a Thư viện Trường Đại học Đà Lạt